Intellectual movements in modern European history

Saved in:
Bibliographic Details
Main Author: Baumer, Franklin L. (Franklin Le Van), 1913-1990
Format: Book
Language:English
Published: New York : Macmillan, 1965.
Series:(Main themes in modern European history)
Subjects:
Tags: Add Tag
No Tags, Be the first to tag this record!

MARC

LEADER 00000nam a2200000 a 4500
001 1/127284
008 230915s1965####nyu| ||| |||| ||eng||
040 |a GR-MyUa  |b gre  |c GR-MyUa  |e AACR2 
041 0 |a eng 
082 7 |a 940.25  |2 (23) 
100 1 |a Baumer, Franklin L.   |q (Franklin Le Van),   |d 1913-1990. 
245 1 0 |a Intellectual movements in modern European history /   |c edited by Franklin L. Baumer.  
260 |a New York :   |b Macmillan,   |c 1965.  
300 |a 149 σ. ;   |c 21 εκ.  
490 0 |a (Main themes in modern European history) 
651 0 |a Europe  |x Intellectual life. 
852 |a INST  |b LESVOS  |e 20230915  |h 940.25 BAU  |p 005100065021  |q 005100065021  |t BK  |y 0 
970 |a Δημάκη  |b Μαρία  |z 15-09-2023